000 00522nam a2200169 i 4500
001 55750
003 ES-MaACL
005 20230906163218.0
007 t|
008 030925s1925 sp ||||1| spa d
100 1 _aDevolx y García, José.
_944021
245 1 0 _aNuevas poesías /
_cJosé Devolx y García ; con un juicio crítico de Roberto Alcover.
260 _a[Málaga :
_bEscuela Prof. Salesiana,
_c1925]
300 _a220 p. ;
_c20 cm.
700 1 _aAlcover, Roberto.
_919588
852 _aES-MaACL
_jF-6624
_bR.5144
999 _c55750
_d55750